000 00377nam a2200145 i 4500
001 bg
100 1 _aŁUNARSKI, Jerzy
245 0 _aTechnika wytwarzania :
_bpodstawy technologii maszyn /
_cJ. Łunarski, G. Banaś.
260 _aRzeszów,
_c1980.
700 1 _aBANAŚ, Grzegorz
040 _cBPK
041 _apol
942 _cKS
008 s pl f |000 0 pol
999 _c20027
_d20027
856 _uhttp://koha.tu.koszalin.pl/cgi-bin/koha/opac-detail.pl?biblionumber=20027
_yKatalog online BPK